[Event "Lublin Chmielewski Memorial-B"]
[Site "Lublin"]
[Date "2013.12.28"]
[Round "7"]
[White "Smolak, Jerzy"]
[Black "Bojczewski, Grzegorz"]
[Result "1-0"]
[WhiteElo "1600"]
[BlackElo "1600"]
[PlyCount "97"]
[EventDate "2013.12.27"]
[EventType "swiss"]
[EventRounds "7"]
[EventCountry "POL"]
[SourceTitle "CBM 158 Extra"]
[Source "ChessBase"]
[SourceDate "2014.02.28"]
[SourceVersion "1"]
[SourceVersionDate "2014.02.28"]
[SourceQuality "1"]

1. d4 d5 2. c4 c6 3. Nc3 Bf5 4. Bf4 e6 5. e3 Bd6 6. Bxd6 Qxd6 7. Nf3 Nd7 8. Bd3 Bg4 9. Be2 Ngf6 10. h3 Bh5 11. 0-0 e5 12. dxe5 Nxe5 13. cxd5 cxd5 14. Nb5 Nxf3+ 15. Bxf3 Qb6 16. Bxh5 Qxb5 17. Bf3 0-0 18. b3 a5 19. Be2 Qd7 20. a4 Ne4 21. Bb5 Qd6 22. Qd4 Rac8 23. Rac1 Rfd8 24. Rfd1 Rc5 25. Rxc5 Nxc5 26. Bc4 Ne6 27. Qd2 d4 28. Qxa5 Qe7 29. Bxe6 fxe6 30. Rxd4 Rxd4 31. exd4 h6 32. Qc5 Qf6 33. a5 Qd8 34. b4 Kh7 35. Qb6 Qd5 36. Qc5 Qe4 37. Qb6 Qe1+ 38. Kh2 Qxf2 39. Qd6 Qf5 40. Qe5 Qb1 41. b5 Qd3 42. b6 h5 43. Qxh5+ Kg8 44. Qe5 Qc4 45. Qb8+ Kh7 46. Qxb7 Qxd4 47. Qf3 Qe5+ 48. Qg3 Qxa5 49. b7 1-0